| 000 | 00819nam a22002057a 4500 | ||
|---|---|---|---|
| 999 |
_c15590 _d15590 |
||
| 003 | AR-CdUCM | ||
| 008 | 190429b ||||| |||| 00| 0 spa d | ||
| 040 |
_aMUNICIPALIDAD PROVINCIAL DEL CUSCO _cBIBLIOTECA MUNICIPAL DEL CUSCO |
||
| 082 |
_a333.0974 / _bP43 / 1964 |
||
| 100 |
_aPeña, Moisés T. de la. _934713 |
||
| 245 |
_aEl pueblo y su tierra : _bmito y realidad de la reforma agraria en México / |
||
| 260 |
_aMéxico, D.F : _bCuadernos Americanos, _c1964. |
||
| 300 |
_a895 páginas ; _bCuadros, _c24 cm. |
||
| 505 | _aContenido: La población y el desarrollo económico -- La tierra -- Aprovechamiento de los recursos naturales -- Promoción. | ||
| 650 |
_aAgricultura y Estado _94586 |
||
| 650 |
_aDesarrollo económico _91696 |
||
| 650 |
_aMéxico _918 |
||
| 942 |
_2ddc _cLIBROS |
||
| 945 |
_adavv _d29/04/2019 |
||